000 00540nam a2200181 4500
001 118093
003 ES-MaACL
005 20230906191029.0
007 t|
008 070214s1957 sp r ||||1| spa d
100 1 _aPellegrini, Angelo M.
_990060
245 1 0 _aAmericanos por adopción /
_cAngelo M. pellegrini ; traducción de Montserrat Guasch.
250 _a[1ª ed.].
260 _aMadrid [etc.] :
_bGarriga,
_c1957.
300 _a270 p. ;
_c21 cm.
700 1 _aGuasch, Montserrat.
_960357
852 _aES-MaACL
_jC-12506
_bR.40633
999 _c118093
_d118093